Tribhuvan University Central Library

The Taleju temple in Bhaktapur (Record no. 894)

MARC details
000 -LEADER
fixed length control field 005830000a22002530004500
082 ## - DEWEY DECIMAL CLASSIFICATION NUMBER
Classification number 294.535
Item number Ag16t
-- N
041 ## - LANGUAGE CODE
Language code of text/sound track or separate title Eng
100 ## - MAIN ENTRY--PERSONAL NAME
Personal name Agasie, Margaret Geralyn
245 ## - TITLE STATEMENT
Title The Taleju temple in Bhaktapur
260 ## - PUBLICATION, DISTRIBUTION, ETC. (IMPRINT)
Place of publication, distribution, etc Kathmandu
Name of publisher, distributor, etc University of Wisconsin College year in Nepal, Nepal
260 ## - PUBLICATION, DISTRIBUTION, ETC. (IMPRINT)
Date of publication, distribution, etc 1985
300 ## - PHYSICAL DESCRIPTION
Extent 55p.
Other physical details illus
518 ## - DATE/TIME AND PLACE OF AN EVENT NOTE
Date/time and place of an event note 931120
530 ## - ADDITIONAL PHYSICAL FORM AVAILABLE NOTE
Additional physical form available note M
650 ## - SUBJECT ADDED ENTRY--TOPICAL TERM
Topical term or geographic name as entry element Temples
650 ## - SUBJECT ADDED ENTRY--TOPICAL TERM
Topical term or geographic name as entry element Gods
650 ## - SUBJECT ADDED ENTRY--TOPICAL TERM
Topical term or geographic name as entry element Goddess
651 ## - SUBJECT ADDED ENTRY--GEOGRAPHIC NAME
Geographic name Nepal
651 ## - SUBJECT ADDED ENTRY--GEOGRAPHIC NAME
Geographic name Bhaktapur
650 ## - SUBJECT ADDED ENTRY--TOPICAL TERM
Topical term or geographic name as entry element Malla period
650 ## - SUBJECT ADDED ENTRY--TOPICAL TERM
Topical term or geographic name as entry element Newars
650 ## - SUBJECT ADDED ENTRY--TOPICAL TERM
Topical term or geographic name as entry element Taleju temples
942 ## - ADDED ENTRY ELEMENTS (KOHA)
Koha item type General Collections
Holdings
Withdrawn status Lost status Source of classification or shelving scheme Damaged status Not for loan Home library Current library Date acquired Total Checkouts Full call number Barcode Date last seen Price effective from Koha item type
    Dewey Decimal Classification     Tribhuvan University Central Library Tribhuvan University Central Library 06/20/2010   294.535 Ag16t G29105 06/20/2010 06/20/2010 N
    Dewey Decimal Classification     Tribhuvan University Central Library Tribhuvan University Central Library 06/20/2010   294.535 Ag16t G27395 06/20/2010 06/20/2010 N